000 00710nam a2200229 a 4500
001 BRCA_3927
005 20190320204458.0
008 100110s1945----mx-a######---#000-0#spa-#
041 _aspa
044 _amx
050 4 _aF1386
_b.M49 1945
245 1 0 _aMéxico en el tiempo
_bfisonomía de una ciudad
_ceditado por Roberto Olavarria.
260 _aMéxico
_bTalls. de Excelsior
_c1945
300 _a302 p.
_bil.
_c29 cm.
500 _aIncluye índice de materias : p. 302 e índice alfabético : p. 300-301.
500 _aC77
651 4 _aMéxico (Ciudad)
_xDescripción
_96858
651 4 _aMéxico
_v(Ciudad)
_xHistoria
_910216
700 1 _aOlavarria, Roberto.
_910217
902 _aGFM
942 _2lcc
_cB
999 _c3654
_d3654